Online Public Access Catalog -OPAC

Human neuroanatomy. (Record no. 21551)

MARC details
000 -LEADER
fixed length control field 00466nam a2200157Ia 4500
008 - FIXED-LENGTH DATA ELEMENTS--GENERAL INFORMATION
fixed length control field 1969 a ef a 1 aengdc
040 ## - CATALOGING SOURCE
Original cataloging agency ABU Za
050 ## - LIBRARY OF CONGRESS CALL NUMBER
Classification number QM 451
245 #0 - TITLE STATEMENT
Title Human neuroanatomy.
Statement of responsibility, etc. Raymon C. Truex and Malcolm B. Carpenter,
250 ## - EDITION STATEMENT
Edition statement \\
-- 6th ed.
260 ## - PUBLICATION, DISTRIBUTION, ETC.
Place of publication, distribution, etc. Baltimore
Name of publisher, distributor, etc. Williams and Wilkins
Date of publication, distribution, etc. 1969
300 ## - PHYSICAL DESCRIPTION
Extent xiv, 673p.: ill.
650 ## - SUBJECT ADDED ENTRY--TOPICAL TERM
Topical term or geographic name entry element Human Anatomy
700 ## - ADDED ENTRY--PERSONAL NAME
Personal name Truex, Raymond C.;Carpenter, Malcolm B.
Holdings
Withdrawn status Lost status Source of classification or shelving scheme Damaged status Not for loan Home library Current library Shelving location Date acquired Total Checkouts Total Renewals Full call number Barcode Checked out Date last seen Date last checked out Price effective from Koha item type
    Library of Congress Classification     Kashim Ibrahim Library Kashim Ibrahim Library Circulation 04/13/2018 2 3 QM 451 TRU 3000510101657980 05/09/2025 04/24/2025 04/24/2025 04/13/2018 Books

Customized by ICT Technical Service Unit on 29th Dec 2022

Kashim Ibrahim Library